24 Mars 2025 | Top 15 des plus Grandes Villes de France - Statistiques

Statistiques générales
  • Ce quiz a été pris 63 fois
  • Le résultat moyen est 13 sur 15
Statistiques - réponses
Nombre d'Habitants Ville % Correct
~870.000 Marseille
100%
~2.1M Paris
100%
~235.000 Lille
97%
~490.000 Toulouse
97%
~260.000 Bordeaux
95%
~515.000 Lyon
95%
~290.000 Strasbourg
95%
~320.000 Nantes
93%
~340.000 Nice
90%
~220.000 Rennes
88%
~290.000 Montpellier
84%
~170.000 Saint-Étienne
69%
~185.000 Reims
59%
~167.000 Toulon
59%
~170.000 Le Havre
53%
Aucun quiz correspondant
Distribution des résultats
% des personnes avec chaque résultat
Percentile par nombre de réponses
Votre historique - résultats
Vous n’avez pas pris ce quiz